000 00657nam a2200217Ia 4500
003 GCL
008 140319s9999 xx 000 0 ara d
040 _aGCL /
_cGCL
082 0 4 _a343.08
_bع ت
100 1 _aعادل محمد خير
245 1 0 _aالتنظيم القانونى للارشاد السياحى فى مصر /
_cعادل محمد خير
260 _a[S.N] :
_bلجنة الاعلام والدراسات المستقبلية ،
_c1992
300 _a106 ص
490 _a
650 0 4 _aالقانون
650 0 4 _aمصر
650 0 4 _aالاستثمار
650 0 4 _aالسياحة
650 0 4 _aالدستور
942 _2ddc
_cBK
999 _c54866
_d54866